Top 74 NBA Players of All Time - Statistics

General Stats
  • This quiz has been taken 3,129 times
  • The average score is 53 of 74
Answer Stats
# Primary Team Answer % Correct
2 Cavs(SF) Lebron James
100%
1 Bulls(SG) Michael Jordan
100%
9 Lakers(SG) Kobe Bryant
97%
7 Celtics (SF) Larry Bird
97%
5 Lakers(PG) Magic Johnson
97%
10 Lakers(C) Shaquille O'Neal
97%
13 Warriors(PG) Stephen Curry
97%
3 Bucks(C) Kareem Abdul-Jabbar
96%
6 Warriors (C) Wilt Chamberlain
94%
14 Thunder(SF) Kevin Durant
93%
8 Spurs(PF) Tim Duncan
93%
21 Bulls(SF) Scottie Pippen
92%
4 Celtics(C) Bill Russell
91%
19 Mavericks(PF) Dirk Nowitzki
91%
12 Rockets (C) Hakeem Olajuwon
91%
16 Lakers(SG) Jerry West
91%
17 Jazz(PF) Karl Malone
90%
18 Rockets(PF) Moses Malone
90%
26 Heat(SG) Dwayne Wade
88%
20 Timberwolves(PF) Kevin Garnett
88%
28 Jazz(PG) John Stockton
86%
15 76ers(SF) Julius Erving
86%
24 Spurs(C) David Robinson
85%
27 Bucks(SF) Giannis Antetokounmpo
85%
32 Rockets(SG) James Harden
85%
23 Suns(PF) Charles Barkley
84%
42 Thunder(PG) Russell Westbrook
84%
30 Suns(PG) Steve Nash
84%
29 76ers(SG) Allen Iverson
83%
31 Pistons(PG) Isiah Thomas
83%
11 Royals (PG) Oscar Robertson
81%
37 Knicks(C) Patrick Ewing
80%
40 Clippers(PG) Chris Paul
79%
70 Spurs(PG) Tony Parker
79%
62 Bulls(PF) Dennis Rodman
76%
35 Nets(PG) Jason Kidd
76%
25 Spurs(SF) Kawhi Leonard
76%
58 Spurs(SG) Manu Ginobili
76%
45 Pelicans(PF) Anthony Davis
75%
65 Grizzlies (C) Pau Gasol
74%
49 Pacers (SG) Reggie Miller
74%
54 Celtics(SF) Paul Pierce
73%
55 Raptors(SF) Vince Carter
70%
72 TrailBlazers(PG) Damian Lillard
69%
46 Hawks(SF) Dominique Wilkins
69%
53 Supersonics(PG) Gary Payton
69%
56 Bucks(SG) Ray Allen
69%
57 TrailBlazers(SG) Clyde Drexler
67%
41 Celtics(PG) Bob Cousy
65%
36 Celtics(PF) Kevin McHale
65%
52 Magic(SG) Tracy McGrady
65%
22 Lakers(SF) Elgin Baylor
63%
51 Lakers(SF) James Worthy
63%
33 Celtics(SF) John Havlicek
63%
48 TrailBlazers(C) Bill Walton
62%
38 Hawks(PF) Bob Pettit
58%
47 Spurs(SG) George Gervin
57%
50 Bullets (C) Wes Unseld
56%
63 Hornets(C) Alonzo Mourning
52%
39 Knicks(PG) Walt Frazier
52%
43 Warriors(SF) Rick Barry
51%
34 Lakers (C) George Mikan
50%
61 Celtics(PF) Robert Parish
50%
67 Nuggets(SF) Alex English
48%
73 Nuggets(C) Dikembe Mutombo
48%
59 Braves (C) Bob McAdoo
46%
60 Knicks(C) Willis Reed
46%
44 Bullets(C) Elvin Hayes
44%
68 Jazz(SG) Pete Maravich
44%
74 Bulls (C) Artis Gilmore
38%
69 Knicks(SF) Bernard King
31%
66 Celtics(PF) Dave Cowens
31%
71 Pistons(C) Bob Lanier
25%
64 Knicks(PG) Earl Monroe
23%
No matching quizzes found
Score Distribution
Percent of People with Each Score
Percentile by Number Answered
Your Score History
You have not taken this quiz